000 00942nam a2200253Ia 4500
003 OSt
005 20221005112212.0
006 a|||||r|||| 00| 0
007 ta
008 221004b |||||||| |||| 00| 0 pan d
020 _a9788193426371 (hbk)
_cINR 300.00
024 _a45182
037 _b1061, 12/02/2019, H.K. Prakashan
_cTextual
040 _aCRL
_cCRL
_bpan
041 _2pan
_apan
082 _aO153:g, Q8
100 _aਬੇਦੀ, ਹਰਚੰਦ ਸਿੰਘ, ਥਦ.
245 0 _aਪਰਵਾਸ ਤੇ ਪਰਵਾਸੀ ਸਾਹਿਤ ਦੇ ਮਸਲੇ
260 _aਅੰਮ੍ਰਿਤਸਰ
_bਰਵੀ ਸਹਿਤ ਪ੍ਰਕਾFਨ ਭਾਰਤ
_c2018
300 _a208ਪ੍ਰ0
_ccm.
650 _aਪੰਜਾਬੀ ਸਾਹਿਤ
942 _hO153:g, Q8
_cTEXL
_2cc
999 _c1024170
_d1024170